Are fear and urbanism at war? (Record no. 56342)

000 -LEADER
fixed length control field 01215pab a2200157 454500
008 - FIXED-LENGTH DATA ELEMENTS--GENERAL INFORMATION
fixed length control field 180718b2002 xxu||||| |||| 00| 0 eng d
100 ## - MAIN ENTRY--PERSONAL NAME
Personal name Swanstrom, Todd
245 ## - TITLE STATEMENT
Title Are fear and urbanism at war?
260 ## - PUBLICATION, DISTRIBUTION, ETC.
Date of publication, distribution, etc. 2002
300 ## - PHYSICAL DESCRIPTION
Extent p.135-40.
362 ## - DATES OF PUBLICATION AND/OR SEQUENTIAL DESIGNATION
Dates of publication and/or sequential designation Sep
520 ## - SUMMARY, ETC.
Summary, etc. Dense cities are vulnefrable to terrorist attacks. Therefore, some scholars argue, we should deconcentrate American cities further, denying future terrorists targets of opportunity. But fleeing dense and diverse cities would undermine one of our greatest strengths in the so-called war on terrorism. Cities have frequently been dangerous places, but over the centuries people have flocked to them because of the economic opportunities and freedom they offer. As a way of life, urbanism promotes toleration of differences and delegitimizes efforts to root political power in revealed religion. These modern beliefs are essential in the struggle against terrorism. The main threat to cities comes not from terrorism but from the policy responses to terrorism that could undermine the freedom of thought and movement that are the lifeblood of cities. - Reproduced.
650 ## - SUBJECT ADDED ENTRY--TOPICAL TERM
Topical term or geographic name entry element Terrorism
773 ## - HOST ITEM ENTRY
Main entry heading Urban Affairs Review
909 ## -
-- 56342
Holdings
Withdrawn status Lost status Damaged status Not for loan Permanent Location Current Location Date acquired Serial Enumeration / chronology Barcode Date last seen Price effective from Koha item type
        Indian Institute of Public Administration Indian Institute of Public Administration 2018-07-19 Volume no: 38, Issue no: 1 AR56787 2018-07-19 2018-07-19 Articles

Powered by Koha